Movie by Object II Quiz Stats

 Plays Quiz Updated Sep 21, 2014

Also try: Movie by Object
Challenge
Share
Tweet
Score 0/20 Timer 05:00
4 Plays Today
% Correct
Cinderella
98.3%
Titanic
91.2%
Jumanji
88.4%
The Hunger Games
84.9%
Forrest Gump
82.6%
The Shining
75.8%
Jurassic Park
75.2%
Monty Python and the Holy Grail
68.5%
Chitty Chitty Bang Bang
66.1%
The Ten Commandments
66%
% Correct
Twister
65.6%
Casablanca
59.5%
Up
57.1%
American Psycho
52.1%
Schindler's List
43.1%
Willy Wonka and the Chocolate Factory
40%
The Lego Movie
31.5%
The Adventures of Tintin
26.2%
Despicable Me 2
15.1%
Apollo 13
14.3%

You're not logged in!

Compare scores with friends on all Sporcle quizzes.
Join for Free
OR
Log In

You Might Also Like...

Show Comments

Extras

Top Quizzes Today


Score Distribution

Your Account Isn't Verified!

In order to create a playlist on Sporcle, you need to verify the email address you used during registration. Go to your Sporcle Settings to finish the process.

Report this User

Report this user for behavior that violates our Community Guidelines.

Details: